000
00321nam a2200121Ia 4500
005
20251222144646.0
008
251222s9999||||xx |||||||||||||| ||spa||
082
_a
985.009/H19
100
_a
Hampe MartÍnez, Teodoro
245
0
_a
Libro de homenaje al Dr. Enrique de Rávago Bustamante:
264
_b
Misky
942
_c
LIB
999
_c
16866
_d
16866